000
00310nam a22001337a 4500
008
210303b ||||| |||| 00| 0 eng d
020
_a
9780803620414
041
_a
eng
080
_2
21th
_a
61
100
_a
4
101
_a
SHM
245
_a
Taber's Cyclopedic Medical Dictionary
_c
Davis,A.F
942
_2
udc
_c
BK
999
_c
55620
_d
55620